000 00757cam a22002653a 4500
001 2456
003 PGUSA
005 20140828083015.0
008 010101s2001||||xxu|||||s|||||000 | eng d
040 _aPGUSA
_beng
042 _adc
050 4 _aD
050 4 _aPA
100 1 _aHerodotus,
_d-484--430
245 1 4 _aThe History of Herodotus — Volume 2
_h[electronic resource] /
_cHerodotus
260 _bProject Gutenberg,
_c2001
506 _aPublic domain in the USA.
516 _aElectronic text
653 _aGreece -- History -- To 146 B.C.
653 _aHistory, Ancient
700 1 _aMacaulay, G. C.
_q(George Campbell),
_d1852-1915
830 0 _aProject Gutenberg
_v2456
856 4 0 _uhttp://www.gutenberg.org/ebooks/2456
942 _cEB
999 _c231793
_d231793